| 000 | 00380nam a22001577a 4500 | ||
|---|---|---|---|
| 003 | SGT | ||
| 020 | _a978-0-07-133346-7 | ||
| 082 |
_a003 _bHIL |
||
| 100 | _aHILLIER,FREDERICK .S | ||
| 245 | _aINTRODUCTION TO OPERATIONS RESEARCH | ||
| 250 | _a9TH | ||
| 260 |
_aNEW DELHI _bMC-GRAW HILL EDUCATIONS _c2015 |
||
| 300 | _a1102 | ||
| 650 | _aMECHANICAL ENGINEERING | ||
| 942 |
_2ddc _cBK |
||
| 999 |
_c14325 _d14325 |
||